000 01159nam a22002657a 4500
005 20250520080820.0
008
010 _a 2005273763
020 _a0124297854 (acidfree paper)
040 _aNLM
_cNLM
_dKMU
_erda
050 0 0 _aQD262
100 1 _aKürti, László,
_d1973-
245 1 0 _aStrategic applications of named reactions in organic synthesis :
_bbackground and detailed mechanisms /
_cby László Kürti and Barbara Czakó.
260 _aAmsterdam ;
_aBoston :
_bElsevier Academic Press,
_cc2005.
300 _alii, 758 p. :
_bill., ports. ;
_c28 cm.
504 _aIncludes bibliographical references (p. 531-714) and index.
650 0 _aOrganic compounds
_xSynthesis.
650 0 _aChemistry, Organic.
700 1 _aCzakó, Barbara.
856 4 2 _3Publisher description
_uhttp://www.loc.gov/catdir/enhancements/fy0626/2005273763-d.html
856 4 1 _3Table of contents only
_uhttp://www.loc.gov/catdir/enhancements/fy0626/2005273763-t.html
906 _a7
_bcbc
_ccopycat
_d2
_encip
_f20
_gy-gencatlg
942 _2lcc
_cBK
_n0
999 _c1834
_d1834